【プロ野球】2026年の北海道日本ハムファイターズの選手 - Statistics

General Stats
  • This quiz has been taken 47 times
    28 since last reset
  • The average score is 47 of 66
Answer Stats
背番号 選手名 % Correct
17 伊藤大海
100%
3 郡司裕也
100%
64 田宮裕涼
100%
5 野村佑希
100%
53 水谷瞬
100%
99 レイエス
100%
12 矢澤宏太
92%
14 加藤貴之
92%
25 宮西尚生
92%
26 田中正義
92%
47 柳川大晟
92%
2 マルティネス
92%
10 清水優心
92%
4 上川畑大悟
92%
6 カストロ
92%
21 清宮幸太郎
92%
66 万波中正
92%
15 北山亘基
83%
16 達孝太
83%
18 山﨑福也
83%
45 福島蓮
83%
33 進藤勇也
83%
9 中島卓也
83%
39 有薗直輝
83%
58 奈良間大己
83%
8 淺間大基
83%
13 生田目翼
75%
19 玉井大翔
75%
24 金村尚真
75%
27 大川慈英
75%
28 河野竜生
75%
29 細野晴希
75%
34 堀瑞輝
75%
37 古林睿煬
75%
74 有原航平
75%
96 孫易磊
75%
43 水野達稀
75%
49 大塚瑠晏
75%
7 西川遥輝
75%
50 五十幡亮汰
75%
61 今川優馬
75%
20 上原健太
67%
31 柴田獅子
67%
98 梅林優貴
67%
54 山縣秀
67%
42 エドポロケイン
67%
40 島本浩也
58%
41 福谷浩司
58%
52 池田隆英
58%
60 吉田賢吾
58%
36 宮崎一樹
58%
35 浅利太門
50%
48 齋藤友貴哉
50%
38 リン
50%
56 細川凌平
50%
30 ラオ
42%
32 藤田琉生
42%
46 畔柳亨丞
42%
62 清水大暉
42%
44 阪口樂
42%
65 明瀬諒介
42%
63 山城航太郎
33%
67 山本拓実
33%
57 藤森海斗
33%
51 半田南十
33%
55 菊地大稀
25%
No matching quizzes found
Score Distribution
Percent of People with Each Score
Percentile by Number Answered
Your Score History
You have not taken this quiz since the last reset